Hacer música : Blas Galindo /

সংরক্ষণ করুন:
গ্রন্থ-পঞ্জীর বিবরন
প্রধান লেখক: Navarro, Antonio (comp.)
বিন্যাস: গ্রন্থ
ভাষা:স্প্যানিশ
প্রকাশিত: Guadalajara, México : Universidad de Guadalajara, 1994, c1994
মালা:(Cuadernos de Arte ; 2)
বিষয়গুলি:
ট্যাগগুলো: ট্যাগ যুক্ত করুন
কোনো ট্যাগ নেই, প্রথমজন হিসাবে ট্যাগ করুন!

MARC

LEADER 00000nam^a2200000^a^4500
001 000273156
005 20250521000000.0
009 20260310111122.66
020 |a 968-895-634-1 
037 |a Acervo Xavier Clavigero 
041 |a ESP 
082 |a 784. 071  |b NAV 
100 |a Navarro, Antonio  |e (comp.) 
245 1 0 |a Hacer música :  |b Blas Galindo /  |c Comp. y prelim. de A. Navarro. 
264 4 |a Guadalajara, México :  |b Universidad de Guadalajara,  |c 1994, c1994 
300 |a 85 p. 
336 |a texto  |b txt  |2 rdacontenido 
337 |a sin mediación  |b n  |2 rdamedio 
338 |a volumen  |b nc  |2 rdasoporte 
440 1 |a (Cuadernos de Arte ;  |v 2) 
649 |a XX 
650 |a Músicos Jaliscienses -  |x Entrevistas 
650 |a Músicos Jaliscienses -  |x Biografías 
650 |a Músicos Mexicanos -  |x Entrevistas 
650 |a Músicos Mexicanos -  |x Biografías 
650 |a Artistas Jaliscienses -  |x Entrevistas 
650 |a Artistas Jaliscienses -  |x Biografías 
650 |a Artistas Mexicanos -  |x Entrevistas 
650 |a Artistas Mexicanos -  |x Biografías 
650 |a Partituras 
650 |a Partituras -  |z Jalisco 
650 |a Partituras -  |z México 
650 |a Nacionalismo en la Música -  |z Jalisco -  |x Historia y Crítica 
650 |a Nacionalismo en la Música -  |z México -  |x Historia y Crítica 
650 |a Nacionalismo en la Música -  |x Historia y Crítica 
650 |a Nacionalismo en el Arte -  |z Jalisco -  |x Historia y Crítica 
650 |a Nacionalismo en el Arte -  |z México -  |x Historia y Crítica 
650 |a Nacionalismo en el Arte -  |x Historia y Crítica 
650 |a Música Romántica -  |z Jalisco -  |x Historia y Crítica 
650 |a Música Romántica -  |z México -  |x Historia y Crítica 
650 |a Música Romántica -  |x Historia y Crítica 
650 |a Música de Concierto -  |z Jalisco -  |x Historia y Crítica 
650 |a Música de Concierto -  |z México -  |x Historia y Crítica 
650 |a Música de Concierto -  |x Historia y Crítica 
650 |a Música Jalisciense -  |x Catálogos 
650 |a Música Jalisciense -  |x Historia y Crítica 
650 |a Música Jalisciense -  |y Siglo XX 
650 |a Música Mexicana -  |x Catálogos 
650 |a Música Mexicana -  |x Historia y Crítica 
650 |a Música Mexicana -  |y Siglo XX 
650 |a Música -  |x Historia y Crítica 
650 |a Galindo, Blas -  |x Tema Principal 
910 |a Fondo General 
920 |a Impresos - Libros 
930 |a Colección General 
905 |a 101 
901 |a 057363  |b IT1  |c ACC  |u 20250521 
902 |a https://opac.biblio.iteso.mx/vufind/Record/000273156